Diccionario de términos de comunicaciones y redes / Anna Navarro Schlegel (Registro nro. 18385)
[ vista simple ]
| 000 -LÍDER | |
|---|---|
| fixed length control field | 00558nam a2200145 4500 |
| 008 - ELEMENTOS DE LONGITUD FIJA -- INFORMACIÓN GENERAL | |
| fixed length control field | 0 2003 0a 000 0ESP |
| 020 ## - NÚMERO INTERNACIONAL NORMALIZADO PARA LIBROS | |
| ISBN | 84-205-3471-4 |
| 050 ## - SIGNATURA TOPOGRAFICA DE LA BIBLIOTECA DEL CONGRESO (LC) | |
| Número de Clasificación | TK5102 N38 2003 |
| 082 ## - NUMERO DE CLASIFICACION DECIMAL DEWEY | |
| Número de Clasificación | 004.6 N322d |
| 100 ## - ASIENTO PRINCIPAL--NOMBRE PERSONAL | |
| Nombre personal | Navarro Schlegel, Anna |
| 245 ## - TÍTULO | |
| Título | Diccionario de términos de comunicaciones y redes / Anna Navarro Schlegel |
| 260 ## - PUBLICACIÓN, DISTRIBUCIÓN, ETC. (PIE DE IMPRENTA) | |
| Lugar de publicación, distribución, etc. | Madrid, España : Pearson educación |
| 300 ## - DESCRIPCIÓN FÍSICA | |
| Extensión | 614 p. / 24 cm. |
| 650 ## - ASIENTO SECUNDARIO DE MATERIA - TERMINO TEMÁTICO | |
| Término temático o nombre geográfico como elemento de entrada | 1.TELECOMUNICACIONES-DICCIONARIOS \ 2.SISTEMAS DE TRANSMISION DE DATOS-DICCIONARIOS \ 3.REDES DE COMPUTADORAS-DICCIONARIOS |
| No. biblioteca | No. biblioteca | Número de clasificación | Código de barras/Número de adquisición | Número de copia | Tipo de material |
|---|---|---|---|---|---|
| LUIS G. INCLAN | LUIS G. INCLAN | 004.6 N322d | 44287 | 1 | Libros |
